| 000 | 00364nam a2200157Ia 4500 | ||
|---|---|---|---|
| 020 | _a(pbk) | ||
| 082 |
_a297.54 _bZAK |
||
| 245 | _aZakaat | ||
| 260 |
_aKarachi _bSiddiqi Trust _c19-? |
||
| 300 | _a28p | ||
| 526 |
_a0 _b0 _c0 _d297_540000000000000_ZAK |
||
| 650 |
_aIslam -- Charities _937463 |
||
| 650 |
_aMCE _9379 |
||
| 650 |
_aZakat _937464 |
||
| 942 |
_2ddc _cBK |
||
| 999 |
_c542324 _d542324 |
||